LIBRARY & INFORMATION CENTRE, KCAET, TAVANUR

ONLINE PUBLIC ACCESS CATALOGUE (OPAC)

Practical Transisto and Diode Direct Equivalents, vol - 4 / (Record no. 3153)

MARC details
000 -LEADER
fixed length control field 00357cam a2200133ua 4500
003 - CONTROL NUMBER IDENTIFIER
control field OSt
008 - FIXED-LENGTH DATA ELEMENTS--GENERAL INFORMATION
fixed length control field 250108b |||||||| |||| 00| 0 eng d
082 ## - DEWEY DECIMAL CLASSIFICATION NUMBER
Classification number 621.384
Item number SHE/PR
100 ## - MAIN ENTRY--AUTHOR NAME
Personal name Sheth, Navnitray .
245 ## - TITLE STATEMENT
Title Practical Transisto and Diode Direct Equivalents, vol - 4 /
260 ## - PUBLICATION, DISTRIBUTION, ETC. (IMPRINT)
Place of publication :
Name of publisher V R Birodhkan press.
300 ## - PHYSICAL DESCRIPTION
Number of Pages 30 ; .
942 ## - ADDED ENTRY ELEMENTS (KOHA)
Koha item type Books
Holdings
Withdrawn status Lost status Damaged status Home library Current library Date acquired Full call number Accession Number Koha item type
      KAUAET KAUAET 07/04/2012 621.384 SHE/PR 11285 Books
free website counter